000 00287nam a22001337a 4500
008 170214b xxu||||| |||| 00| 0 eng d
020 _a9781405104562
041 _aeng
080 _22ND
_a61
100 _a4
101 _aSHM
245 _aFAMILY MEDICINE
_cLIPSKY, M.S
942 _2udc
_cBK
999 _c5397
_d5397